Sports Quiz

Random Sports or Canada Quiz
Score 0/60 Timer 10:00
0 Plays Today
League Team % Correct
OHLLondon Knights
80.9%
OHLWindsor Spitfires
75.7%
WHLBrandon Wheat Kings
72.8%
WHLVancouver Giants
72.3%
OHLOttawa 67s
71.7%
WHLKootenay Ice
71.7%
OHLOshawa Generals
71.1%
WHLCalgary Hitmen
70.5%
OHLBrampton Battalion
68.2%
QMJHLPEI Rocket
67.1%
OHLKitchener Rangers
64.7%
WHLEdmonton Oil Kings
64.7%
QMJHLRimouski Oceanic
61.8%
QMJHLVictoriaville Tigres
61.3%
OHLSudbury Wolves
60.1%
OHLPeterborough Petes
59.5%
OHLSarnia Sting
59.5%
OHLSault Ste Marie Greyhounds
58.4%
WHLRed Deer Rebels
58.4%
OHLErie Otters
57.8%
WHLMedicine Hat Tigers
57.8%
WHLPortland Winterhawks
57.8%
WHLSaskatoon Blades
57.2%
WHLSpokane Chiefs
57.2%
OHLKingston Frontenacs
54.3%
WHLKelowna Rockets
54.3%
WHLTri-City Americans
54.3%
WHLRegina Pats
53.8%
WHLKamloops Blazers
52.6%
OHLBelleville Bulls
52%
League Team % Correct
OHLPlymouth Whalers
52%
QMJHLQuebec Remparts
52%
QMJHLSaint John Sea Dogs
50.9%
OHLMississaugua St Michael Majors
49.7%
OHLBarrie Colts
49.1%
QMJHLHalifax Mooseheads
48%
WHLPrince Albert Raiders
48%
WHLSeattle Thunderbirds
47.4%
OHLGuelph Storm
46.8%
OHLSaginaw Spirit
46.8%
QMJHLGatineau Olympiques
46.8%
WHLSwift Current Broncos
46.2%
WHLPrince George Cougars
45.7%
WHLMoose Jaw Warriors
45.1%
WHLEverett Silvertips
43.9%
QMJHLAcadie-Bathurst Titan
43.4%
WHLLethbridge Hurricanes
42.8%
QMJHLMoncton Wildcats
42.2%
QMJHLCape Breton Screaming Eagles
41%
OHLNiagara Ice Dogs
37.6%
WHLChilliwack Bruins
37.6%
OHLOwen Sound Attack
36.4%
QMJHLLewiston Maineiacs
35.3%
QMJHLMontreal Junior Hockey Club
33.5%
QMJHLRouyn-Noranda Huskies
30.6%
QMJHLVal d'Or Foreurs
27.7%
QMJHLShawinigan Cataractes
27.2%
QMJHLChicoutimi Sagueneens
26%
QMJHLBaie-Comeau Drakkar
24.3%
QMJHLDrummondville Voltiguers
18.5%

You're not logged in!

Compare scores with friends on all Sporcle quizzes.
OR
Log In

Sporcle TV

Today on Sporcle TV


Watch our educational content, quiz creation guides, and fun videos on Sporcle TV.

Show Comments

Extras

Top Quizzes Today


Score Distribution

Paid Content

Your Account Isn't Verified!

In order to create a playlist on Sporcle, you need to verify the email address you used during registration. Go to your Sporcle Settings to finish the process.

Report this User

Report this user for behavior that violates our Community Guidelines.

Details: